00586nam a22001697a 4500003000400000020001800004082001700022100002100039245005600060260003100116300000800147650001800155653005600173942001200229952015800241999001700399SGT a9780805841350 a620.82bC04M aMMEISTER, DAVID  aCONCEPTUAL FOUNDATIONS OF HUMAN FACTORS MEASUREMENT aNEW JERSEYbLEA PUB c2004 a244 aPHYSIOTHERAPY aCONCEPTUAL FOUNDATIONS OF HUMAN FACTORS MEASUREMENT 2ddccBK 00102ddc40718MEDICALaFMbFMcREFd2022-09-12eABC DELHIg9547.00hP-95.00iSGTUl0o620.82 C04MpFM13228r2022-09-12 00:00:00w2022-07-27yBKk14815 c23307d23307